figure out the lana del rey song - Statistics

General Stats
  • This quiz has been taken 125 times
  • The average score is 214 of 305
Answer Stats
Answer % Correct
i
100%
a
99%
you
94%
the
91%
me
87%
my
87%
in
86%
im
85%
to
84%
go
81%
on
80%
like
78%
that
78%
it
77%
know
77%
got
76%
youre
76%
baby
74%
su
74%
just
72%
are
71%
if
71%
oh
71%
red
71%
dress
70%
tonight
70%
ill
69%
sadness
69%
summertime
69%
wanted
69%
feel
67%
kiss
67%
best
66%
dark
66%
god
66%
moonlight
66%
pale
65%
dancing
64%
hard
64%
nothing
64%
(one
64%
air
63%
before
63%
sun
63%
anymore
62%
forever
62%
scares
62%
fire
60%
never
60%
feeling
59%
miss
59%
sky
59%
alive
58%
beauty
58%
morning
58%
off
58%
stars
58%
think
58%
gonna
57%
queen
57%
three
57%
two
57%
by
56%
drive
56%
(drive)
56%
electric
56%
four)
56%
high
56%
honey
56%
style
56%
than
56%
heels
55%
above
53%
better
53%
die
53%
everywhere
53%
gone
53%
happy
53%
even
52%
hair
51%
telephone
51%
bad
50%
real
50%
side
50%
wires
50%
sizzling
49%
up
48%
big
47%
done
45%
down
45%
going
44%
heavenly
44%
snare
44%
laters
43%
99
42%
about
42%
cruising
40%
coast
37%
oh-oh
15%
No matching quizzes found
Score Distribution
Percent of People with Each Score
Percentile by Number Answered
Your Score History
You have not taken this quiz